Palabras Inglesas Aleatorias #1 - Estadísticas

Estadísticas generales
  • Esta prueba ha sido intentada 460 veces
  • La puntuación promedio es 23 de 24
Estadísticas de respuestas
Inglés Español % Correcto
Hello Hola
100%
Friend Amigo
99%
New Nuevo
99%
Goodbye Adiós
98%
Hour Hora
98%
Egg Huevo
98%
Apple Manzana
98%
More Más
98%
Eye Ojo
98%
Dog Perro
98%
Now Ahora
97%
Head Cabeza
97%
City Ciudad
97%
Day Día
97%
Happy Feliz
97%
Cat Gato
97%
Tomorrow Mañana
97%
Night Noche
97%
Chicken Pollo
97%
Door Puerta
97%
World Mundo
96%
Why Por qué
96%
Another Otro
94%
Bakery Panadería
74%
No se encontraron pruebas coincidentes
Distribución de puntuación
Porcentaje de gente con cada puntuación
Porcentaje por número respondido
Historial de tus puntuaciones
No has intentado esta prueba.